000 00761nam a22002657a 4500
005 20170123162353.0
010 _aB-012667
020 _c55.00
035 _aB-012667
037 _bCen Lib/Ret
040 _aDPL
_bUR
082 _a ک
_bک ر ش
100 _aچندر، کرشن
_9137803
245 _a/ پشاور ایکسپریس
_cکرشن چندر
246 _aPeshawar Express /
_bby Kirshan Chand
260 _aلاہور
_bنگار شات
_c1993
270 _aٹمپل روڈ
_bلاہور
300 _a112p.
_c21cm(Hb)
500 _a
650 _aاردو ادب
_9137804
650 _aاردو کہانی
_9137805
650 _aUrdu literature
_9137806
650 _aUrdu story
_963935
942 _2ddc
_cUR
_h ک
_mک ر ش
999 _c109438
_d109438